Educational psychology: (Record no. 157662)

MARC details
000 -LEADER
fixed length control field 00692nam a22002057a 4500
005 - DATE AND TIME OF LATEST TRANSACTION
control field 20180924125724.0
010 ## - LCCN (DPL NO)
LC control number ENG-124038
020 ## - INTERNATIONAL STANDARD BOOK NUMBER
International Standard Book Number 9789353061067
Terms of availability 649.00
035 ## - SYSTEM CONTROL NUMBER
System control number EN-107570
037 ## - SOURCE OF ACQUISITION
Source of stock number/acquisition DBAD/PUB
082 ## - DEWEY DECIMAL CLASSIFICATION NUMBER
Classification number 370.15
100 ## - MAIN ENTRY--PERSONAL NAME
Personal name Slavin, Robert E.
245 ## - TITLE STATEMENT
Statement of responsibility, etc by Robert E. Slavin
Remainder of title theory and practive /
Title Educational psychology:
250 ## - EDITION STATEMENT
Edition statement 12th ed.
260 ## - PUBLICATION, DISTRIBUTION, ETC. (IMPRINT)
Place of publication, distribution, etc Noida
Name of publisher, distributor, etc Pearson
Date of publication, distribution, etc 2018
270 ## - ADDRESS
Address 15th Floor, Tower B, Worls Trade Tower, Plot No.1, Block -C
City Noida (UP)
Postal code 201301
300 ## - PHYSICAL DESCRIPTION
Extent xxx,525p.
Dimensions 25cm.(pbk)
Other physical details ill.
500 ## - GENERAL NOTE
General note It includes Appendix, glossary, references name Index and subject index
942 ## - ADDED ENTRY ELEMENTS (KOHA)
Source of classification or shelving scheme Dewey Decimal Classification
Item type English Books
Classification part 370.15
Call number suffix SLA
Holdings
Withdrawn status Lost status Not for loan Collection code Home library Current library Date acquired Source of acquisition Cost, normal purchase price Full call number Barcode Copy number Cost, replacement price Koha item type
    Not For Loan Non-fiction D.B.Act.Division Bawana 24/09/2018 DBAD/PUB 649.00 370.15 SLA EN-107570 1 649.00 English Books

© Delhi Public Library
Hit Counter
free hit counter